Central Library OPAC University of Rajshahi

Sterile insect technique : (Record no. 60885)

MARC details
000 -LEADER
fixed length control field 01132nam a2200313 a 4500
001 - CONTROL NUMBER
control field 60885
003 - CONTROL NUMBER IDENTIFIER
rucl marc code BD-RjUL
005 - DATE AND TIME OF LATEST TRANSACTION
control field 20211209080907.0
008 - FIXED-LENGTH DATA ELEMENTS--GENERAL INFORMATION
fixed length control field 170104s2005 ne ab sb 001 0 eng d
020 ## - INTERNATIONAL STANDARD BOOK NUMBER
International Standard Book Number 9781402040511
International Standard Book Number 1402040512
035 ## - SYSTEM CONTROL NUMBER
System control number (BD-RjUL)61009
040 ## - CATALOGING SOURCE
Original cataloging agency GW5XE
Transcribing agency GW5XE
Modifying agency GW5XE
-- BD-RjUL
Language of cataloging eng
041 ## - LANGUAGE CODE
Language code of text/sound track or separate title eng
082 04 - DEWEY DECIMAL CLASSIFICATION NUMBER
Classification number 595.7
Edition number 23
Author mark and year STE 2005
245 00 - TITLE STATEMENT
Title Sterile insect technique :
Remainder of title principles and practice in area-wide integrated pest management /
Statement of responsibility, etc. edited by V.A. Dyck, J. Hendrichs and A.S. Robinson.
260 ## - PUBLICATION, DISTRIBUTION, ETC. (IMPRINT)
Place of publication, distribution, etc. Dordrecht, Netherlands :
Name of publisher, distributor, etc. Springer,
Date of publication, distribution, etc. c2005.
300 ## - PHYSICAL DESCRIPTION
Pagination xiv, 787 p. :
Illustrations ill. ;
Size 25 cm.
504 ## - BIBLIOGRAPHY, ETC. NOTE
Bibliography, etc Includes bibliographical references and indexes.
650 #0 - SUBJECT ADDED ENTRY--TOPICAL TERM
Topical term or geographic name as entry element Insect sterilization.
9 (RLIN) 181518
Topical term or geographic name as entry element Insect pests
General subdivision Biological control.
9 (RLIN) 181519
Topical term or geographic name as entry element Insect pests
General subdivision Integrated control.
9 (RLIN) 181520
700 1# - ADDED ENTRY--PERSONAL NAME
Personal name Dyck, Victor Arnold,
Dates associated with a name 1941-
Personal name Hendrichs, J.
Fuller form of name (Jorge)
Personal name Robinson, A. S.
710 2# - ADDED ENTRY--CORPORATE NAME
Corporate name or jurisdiction name as entry element SpringerLink (Online service)
9 (RLIN) 181524
942 ## - ADDED ENTRY ELEMENTS (KOHA)
Source of classification or shelving scheme Dewey Decimal Classification
Koha item type Books
Holdings
Lost status Source of classification or shelving scheme Damaged status Not for loan Collection code Permanent Location Current Location Shelving location Date acquired Source of acquisition Total Checkouts Full call number Date last seen Copy number Koha item type
  Dewey Decimal Classification   Not For Loan Non-fiction Central Library, University of Rajshahi Central Library, University of Rajshahi Reading Room 25/03/2007 Author   595.7 STE 2005 04/01/2017 C-1 Books